000 00741cab a2200229 4500
001 WB3302-17
008 090401t1996 xxu||||| |||| 00| 0 eng d
035 _a(Sirsi) u19481
041 _aeng
245 _aEnvironmental legislation
260 _c1996
350 _a0
490 _aYorkshire Post
_v7 January 1996, B4 (1)
520 _aAccording to solicitors Nabarro Nathanson, a new European Directive on pollution will force UK companies to gain approval for any activities that could result in pollution overseas.
650 _aEC DIRECTIVE
650 _aENVIRONMENTAL PROTECTION
650 _aNABARRO NATHANSON
650 _aPOLLUTION
690 _aENVIRONMENTAL AND LAND CONSULTANCY
942 _n0
948 _c04/03/1997
999 _c13008
_d13008